00463nam a22001337a 4500008004100000020001800041082001800059100001600077245006900093250004500162260004800207650005700255700001700312200319b ||||| |||| 00| 0 eng d a9780471737797 a615.19001 EKC aEkins, Sean aComputer Applications in Pharmaceutical Research and Development aReprint 2019b1st edition (21 July 2006) aNew DelhibJohan Wiley-Blackwell Publishing aComputer Science or Computer Application in Pharmacy aWang, Binghe